La légende de Sainte Ursule, princesse britannique, et de ses onze mille vierges / (Registro nro. 153603)

Detalles MARC
000 -LEADER
campo de control de longitud fija 01035nam a22001935i 4500
001 - NÚMERO DE CONTROL
campo de control 153603
003 - IDENTIFICADOR DE NÚMERO DE CONTROL
campo de control ES-MaACL
005 - FECHA Y HORA DE LA ÚLTIMA TRANSACCIÓN
campo de control 20250813065155.0
008 - DATOS DE LONGITUD FIJA--INFORMACIÓN GENERAL
campo de control de longitud fija 980202s1860 fr a |||| | fre d
040 ## - FUENTE DE CATALOGACIÓN
Centro catalogador/agencia de origen CAM
Lengua de catalogación spa
Centro/agencia transcriptor CAM
100 1# - ENTRADA PRINCIPAL--NOMBRE DE PERSONA
Nombre de persona Dutron, J.B.
9 (RLIN) 126890
245 13 - MENCIÓN DEL TÍTULO
Título La légende de Sainte Ursule, princesse britannique, et de ses onze mille vierges /
Mención de responsabilidad, etc. texte par J.B. Dutron ; d'après les anciens tableaux de l'Église de Sainte-Ursule a Cologne reproduits en chromolithographie publiée par F. Kellerhoven.
260 ## - PUBLICACIÓN, DISTRIBUCIÓN, ETC.
Lugar de publicación, distribución, etc. Paris :
Nombre del editor, distribuidor, etc. [s.n.],
Fecha de publicación, distribución, etc. 1860 (
Fabricante Hangard Maugé)
300 ## - DESCRIPCIÓN FÍSICA
Extensión 20, 194 p., XXII h. de lám. col. :
Otras características físicas il. ;
Dimensiones 30 cm.
600 07 - PUNTO DE ACCESO ADICIONAL DE MATERIA--NOMBRE DE PERSONA
Nombre de persona Úrsula,
Títulos y otros términos asociados al nombre Santa
Fuente del encabezamiento o término
9 (RLIN) 134073
700 11 - ENTRADA AGREGADA--NOMBRE PERSONAL
Nombre de persona Kellerhoven, F.
Numeración il.
9 (RLIN) 128442
852 ## - LOCALIZACIÓN
Ubicación ES-MaACL
Número de control de estantería F-12503
Nota libre -- Enc. piel con hierros y cortes dorados
Encuadernación -- Edic.: En T260 debe constar: Paris : chez l'auteur, 1860 (Imprimerie Simon Raçon et comp.) -- En pie de imp. de la port. consta también: Impressions lithochromiques par Hangard Maugé
Existencias
Estatus retirado Estado de pérdida Estado de daño No para préstamo Colección Biblioteca de origen Biblioteca actual Ubicación en estantería Fecha de adquisición Fuente de adquisición Total de préstamos Signatura topográfica completa Código de barras Visto por última vez Precio de reemplazo Tipo de ítem Koha
        Libros del s. XIX Biblioteca del Ateneo de Madrid Biblioteca del Ateneo de Madrid Sala Pecera Planta 2 17/01/2008     F-12503 1160574 23/02/2023 23/02/2023 Libro impreso antiguo